[Event "Addis Ababa zt 4.4"]
[Site "Addis Ababa"]
[Date "2022.05.04"]
[Round "5"]
[White "Haitham, Mohammed Abdalrasoo"]
[Black "Kenea, Endale Mekonnen"]
[Result "1/2-1/2"]
[WhiteElo "1982"]
[BlackElo "1772"]
[PlyCount "21"]
[EventDate "2022.05.02"]
[EventType "swiss"]
[EventRounds "9"]
[EventCountry "ETH"]
[SourceTitle "CBM 208 Extra"]
[Source "ChessBase"]
[SourceDate "2022.07.31"]
[SourceVersion "1"]
[SourceVersionDate "2022.07.31"]
[SourceQuality "1"]

1. e4 e5 2. Nf3 Nc6 3. d4 exd4 4. Nxd4 d6 5. Nxc6 bxc6 6. Bc4 Nf6 7. Nc3 Be7 8. 0-0 0-0 9. Bb3 a6 10. Re1 Nd7 11. Be3 1/2-1/2

[Event "Mombasa zt 4.2"]
[Site "Mombasa"]
[Date "2019.05.05"]
[Round "1"]
[White "Kenea, Endale Mekonnen"]
[Black "Nsubuga, Haruna"]
[Result "0-1"]
[WhiteElo "1789"]
[BlackElo "2213"]
[PlyCount "48"]
[EventDate "2019.05.05"]
[EventType "swiss"]
[EventRounds "9"]
[EventCountry "KEN"]
[SourceTitle "CBM 190 Extra"]
[Source "ChessBase"]
[SourceDate "2019.07.15"]
[SourceVersion "1"]
[SourceVersionDate "2019.07.15"]
[SourceQuality "1"]

1. e4 c6 2. d4 d5 3. e5 Bf5 4. Bd3 Bxd3 5. Qxd3 e6 6. Be3 Nd7 7. Ne2 a6 8. a3 c5 9. c3 Rc8 10. 0-0 Qb6 11. b4 cxd4 12. Bxd4 Qc7 13. f4 Ne7 14. Nd2 Nf5 15. Rac1 Nb6 16. Ng3 Nxd4 17. cxd4 Qxc1 18. Rxc1 Rxc1+ 19. Kf2 Be7 20. Nb3 Rc4 21. Ne2 0-0 22. Nc5 Bxc5 23. dxc5 Nd7 24. Nd4 a5 0-1